German Cities by significant landmark - Statistics

General Stats
  • This quiz has been taken 516 times
  • The average score is 8 of 20
Answer Stats
Picture Answer % Correct
Berlin
99%
Cologne
88%
Frankfurt
83%
Hamburg
73%
Munich
69%
Bremen
61%
Dresden
42%
Essen
42%
Leipzig
35%
Lübeck
35%
Hanover
32%
Stuttgart
29%
Koblenz
28%
Nuremberg
27%
Schwerin
17%
Karlsruhe
15%
Lindau
14%
Augsburg
13%
Erfurt
13%
Detmold
7%
No matching quizzes found
Score Distribution
Percent of People with Each Score
Percentile by Number Answered
Your Score History
You have not taken this quiz